Against All Odds Quiz Stats

 Plays Quiz Updated Oct 18, 2016

Challenge
Share
Tweet
Embed
Score 0/20 Timer 04:00
0 Plays Today
Clue Entertainer % Correct
Actor (Back to the Future)Michael J. Fox
79.1%
Actress (Pretty Woman)Julia Roberts
77.6%
Actor (Superman)Christopher Reeve
70.4%
Actress (Star Wars)Carrie Fisher
69.9%
Singer (Superstition)Stevie Wonder
61.5%
Actress (The Mask)Cameron Diaz
50.9%
Singer (Jack and Diane)John Cougar Mellencamp
50.2%
Actor (Ben-Hur)Charlton Heston
48.7%
Actor (Happy Days)Henry Winkler
47.7%
Actor/Comedian (The Blues Brothers)Dan Aykroyd
42%
Clue Entertainer % Correct
Actress/Singer (Cabaret)Liza Minnelli
40%
Actor/Comedian (Arthur)Dudley Moore
35.8%
Actress (Rosemary's Baby)Mia Farrow
29.9%
Actress (Children of a Lesser God)Marlee Matlin
29.3%
Actor/Comedian (Stir Crazy)Richard Pryor
25.7%
Actor (Cleopatra)Richard Burton
25.1%
Actor/Comedian (Nash Bridges)Cheech Marin
22.2%
Actor (Around the World in 80 Days)David Niven
11.4%
Singer (See Emily Play)Syd Barrett
4.5%
Actress (The Facts of Life)Geri Jewell
2.3%

You're not logged in!

Compare scores with friends on all Sporcle quizzes.
OR
Log In

You Might Also Like...

Show Comments

Extras

Top Quizzes Today


Score Distribution

Your Account Isn't Verified!

In order to create a playlist on Sporcle, you need to verify the email address you used during registration. Go to your Sporcle Settings to finish the process.

Report this User

Report this user for behavior that violates our Community Guidelines.

Details: